<?xml version="1.0" encoding="UTF-8"?>
<record
    xmlns:xsi="http://www.w3.org/2001/XMLSchema-instance"
    xsi:schemaLocation="http://www.loc.gov/MARC21/slim http://www.loc.gov/standards/marcxml/schema/MARC21slim.xsd"
    xmlns="http://www.loc.gov/MARC21/slim">

  <leader>00283nam a2200121Ia 4500</leader>
  <controlfield tag="008">230306s9999    xx            000 0 und d</controlfield>
  <datafield tag="041" ind1=" " ind2=" ">
    <subfield code="a">eng</subfield>
  </datafield>
  <datafield tag="082" ind1=" " ind2=" ">
    <subfield code="a">621.38195</subfield>
  </datafield>
  <datafield tag="100" ind1=" " ind2=" ">
    <subfield code="a">Suresh K. Basandra</subfield>
  </datafield>
  <datafield tag="245" ind1=" " ind2=" ">
    <subfield code="a">Management Information System</subfield>
  </datafield>
  <datafield tag="260" ind1=" " ind2=" ">
    <subfield code="b">WHEELER</subfield>
  </datafield>
  <datafield tag="440" ind1=" " ind2=" ">
    <subfield code="v">V.N.158</subfield>
  </datafield>
  <datafield tag="999" ind1=" " ind2=" ">
    <subfield code="c">99218</subfield>
    <subfield code="d">99218</subfield>
  </datafield>
  <datafield tag="952" ind1=" " ind2=" ">
    <subfield code="0">0</subfield>
    <subfield code="1">0</subfield>
    <subfield code="4">0</subfield>
    <subfield code="7">0</subfield>
    <subfield code="a">BCAR</subfield>
    <subfield code="b">BCAR</subfield>
    <subfield code="d">2001-06-21</subfield>
    <subfield code="e">Pradip book depot pune</subfield>
    <subfield code="g">295.00</subfield>
    <subfield code="l">0</subfield>
    <subfield code="o">621.38195</subfield>
    <subfield code="p">BCAR-BK-687</subfield>
    <subfield code="r">2023-03-06 00:00:00</subfield>
    <subfield code="w">2023-03-06</subfield>
    <subfield code="y">BK</subfield>
    <subfield code="z">687</subfield>
  </datafield>
  <datafield tag="952" ind1=" " ind2=" ">
    <subfield code="0">0</subfield>
    <subfield code="1">0</subfield>
    <subfield code="4">0</subfield>
    <subfield code="7">0</subfield>
    <subfield code="a">BCAR</subfield>
    <subfield code="b">BCAR</subfield>
    <subfield code="d">2001-06-11</subfield>
    <subfield code="g">195.00</subfield>
    <subfield code="l">0</subfield>
    <subfield code="o">621.38195</subfield>
    <subfield code="p">BCAR-BK-584</subfield>
    <subfield code="r">2023-03-06 00:00:00</subfield>
    <subfield code="w">2023-03-06</subfield>
    <subfield code="y">BK</subfield>
    <subfield code="z">584</subfield>
  </datafield>
  <datafield tag="952" ind1=" " ind2=" ">
    <subfield code="0">0</subfield>
    <subfield code="1">0</subfield>
    <subfield code="4">0</subfield>
    <subfield code="7">0</subfield>
    <subfield code="a">BCAR</subfield>
    <subfield code="b">BCAR</subfield>
    <subfield code="d">2001-06-11</subfield>
    <subfield code="g">195.00</subfield>
    <subfield code="l">0</subfield>
    <subfield code="o">621.38195</subfield>
    <subfield code="p">BCAR-BK-585</subfield>
    <subfield code="r">2023-03-06 00:00:00</subfield>
    <subfield code="w">2023-03-06</subfield>
    <subfield code="y">BK</subfield>
    <subfield code="z">585</subfield>
  </datafield>
  <datafield tag="952" ind1=" " ind2=" ">
    <subfield code="0">0</subfield>
    <subfield code="1">0</subfield>
    <subfield code="4">0</subfield>
    <subfield code="7">0</subfield>
    <subfield code="a">BCAR</subfield>
    <subfield code="b">BCAR</subfield>
    <subfield code="d">2001-06-11</subfield>
    <subfield code="g">195.00</subfield>
    <subfield code="l">0</subfield>
    <subfield code="o">621.38195</subfield>
    <subfield code="p">BCAR-BK-586</subfield>
    <subfield code="r">2023-03-06 00:00:00</subfield>
    <subfield code="w">2023-03-06</subfield>
    <subfield code="y">BK</subfield>
    <subfield code="z">586</subfield>
  </datafield>
  <datafield tag="952" ind1=" " ind2=" ">
    <subfield code="0">0</subfield>
    <subfield code="1">0</subfield>
    <subfield code="4">0</subfield>
    <subfield code="7">0</subfield>
    <subfield code="a">BCAR</subfield>
    <subfield code="b">BCAR</subfield>
    <subfield code="d">2001-06-11</subfield>
    <subfield code="g">195.00</subfield>
    <subfield code="l">0</subfield>
    <subfield code="o">621.38195</subfield>
    <subfield code="p">BCAR-BK-587</subfield>
    <subfield code="r">2023-03-06 00:00:00</subfield>
    <subfield code="w">2023-03-06</subfield>
    <subfield code="y">BK</subfield>
    <subfield code="z">587</subfield>
  </datafield>
  <datafield tag="952" ind1=" " ind2=" ">
    <subfield code="0">0</subfield>
    <subfield code="1">0</subfield>
    <subfield code="4">0</subfield>
    <subfield code="7">0</subfield>
    <subfield code="a">BCAR</subfield>
    <subfield code="b">BCAR</subfield>
    <subfield code="d">2001-06-21</subfield>
    <subfield code="g">295.00</subfield>
    <subfield code="l">0</subfield>
    <subfield code="o">621.38195</subfield>
    <subfield code="p">BCAR-BK-689</subfield>
    <subfield code="r">2023-03-06 00:00:00</subfield>
    <subfield code="w">2023-03-06</subfield>
    <subfield code="y">BK</subfield>
    <subfield code="z">689</subfield>
  </datafield>
  <datafield tag="952" ind1=" " ind2=" ">
    <subfield code="0">0</subfield>
    <subfield code="1">0</subfield>
    <subfield code="4">0</subfield>
    <subfield code="7">0</subfield>
    <subfield code="a">BCAR</subfield>
    <subfield code="b">BCAR</subfield>
    <subfield code="d">2001-06-21</subfield>
    <subfield code="g">295.00</subfield>
    <subfield code="l">0</subfield>
    <subfield code="o">621.38195</subfield>
    <subfield code="p">BCAR-BK-690</subfield>
    <subfield code="r">2023-03-06 00:00:00</subfield>
    <subfield code="w">2023-03-06</subfield>
    <subfield code="y">BK</subfield>
    <subfield code="z">690</subfield>
  </datafield>
  <datafield tag="952" ind1=" " ind2=" ">
    <subfield code="0">0</subfield>
    <subfield code="1">0</subfield>
    <subfield code="4">0</subfield>
    <subfield code="7">0</subfield>
    <subfield code="a">BCAR</subfield>
    <subfield code="b">BCAR</subfield>
    <subfield code="d">2001-06-21</subfield>
    <subfield code="g">295.00</subfield>
    <subfield code="l">0</subfield>
    <subfield code="o">621.38195</subfield>
    <subfield code="p">BCAR-BK-691</subfield>
    <subfield code="r">2023-03-06 00:00:00</subfield>
    <subfield code="w">2023-03-06</subfield>
    <subfield code="y">BK</subfield>
    <subfield code="z">691</subfield>
  </datafield>
  <datafield tag="952" ind1=" " ind2=" ">
    <subfield code="0">0</subfield>
    <subfield code="1">0</subfield>
    <subfield code="4">0</subfield>
    <subfield code="7">0</subfield>
    <subfield code="a">BCAR</subfield>
    <subfield code="b">BCAR</subfield>
    <subfield code="d">2001-06-21</subfield>
    <subfield code="g">295.00</subfield>
    <subfield code="l">0</subfield>
    <subfield code="o">621.38195</subfield>
    <subfield code="p">BCAR-BK-692</subfield>
    <subfield code="r">2023-03-06 00:00:00</subfield>
    <subfield code="w">2023-03-06</subfield>
    <subfield code="y">BK</subfield>
    <subfield code="z">692</subfield>
  </datafield>
  <datafield tag="952" ind1=" " ind2=" ">
    <subfield code="0">0</subfield>
    <subfield code="1">0</subfield>
    <subfield code="4">0</subfield>
    <subfield code="7">0</subfield>
    <subfield code="a">BCAR</subfield>
    <subfield code="b">BCAR</subfield>
    <subfield code="d">2001-06-21</subfield>
    <subfield code="g">295.00</subfield>
    <subfield code="l">0</subfield>
    <subfield code="o">621.38195</subfield>
    <subfield code="p">BCAR-BK-693</subfield>
    <subfield code="r">2023-03-06 00:00:00</subfield>
    <subfield code="w">2023-03-06</subfield>
    <subfield code="y">BK</subfield>
    <subfield code="z">693</subfield>
  </datafield>
  <datafield tag="952" ind1=" " ind2=" ">
    <subfield code="0">0</subfield>
    <subfield code="1">0</subfield>
    <subfield code="4">0</subfield>
    <subfield code="7">0</subfield>
    <subfield code="a">BCAR</subfield>
    <subfield code="b">BCAR</subfield>
    <subfield code="d">2001-06-21</subfield>
    <subfield code="g">295.00</subfield>
    <subfield code="l">0</subfield>
    <subfield code="o">621.38195</subfield>
    <subfield code="p">BCAR-BK-694</subfield>
    <subfield code="r">2023-03-06 00:00:00</subfield>
    <subfield code="w">2023-03-06</subfield>
    <subfield code="y">BK</subfield>
    <subfield code="z">694</subfield>
  </datafield>
</record>
